| Tag |
First Indicator |
Second Indicator |
Subfields |
| LEADER |
00000cam a2200000 4500 |
| 001 |
in00000037714 |
| 005 |
20151007080558.0 |
| 008 |
750408s1962 eng u |
| 010 |
|
|
|a 61007414
|
| 035 |
|
|
|a (OCoLC)01260423
|
| 035 |
|
|
|9 AAF5041AM
|
| 040 |
|
|
|c CSU
|d OCL
|d TXA
|d UtOrBLW
|
| 049 |
|
|
|a TXAM
|c [343997]
|
| 050 |
0 |
0 |
|a BX1530.2
|b .B6
|
| 082 |
0 |
|
|a 282.44
|
| 092 |
|
|
|a 282.44
|b B747c
|
| 100 |
1 |
|
|a Bosworth, William.
|
| 245 |
1 |
0 |
|a Catholicism and crisis in modern France ;
|b French Catholic groups at the threshold of the Fifth Republic.
|
| 264 |
|
1 |
|a Princeton, N.J. :
|b Princeton University Press,
|c 1962.
|
| 300 |
|
|
|a xv, 407 pages :
|b maps, diagrams, tables. ;
|c 23cm.
|
| 336 |
|
|
|a text
|b txt
|2 rdacontent
|
| 337 |
|
|
|a unmediated
|b n
|2 rdamedia
|
| 338 |
|
|
|a volume
|b nc
|2 rdacarrier
|
| 504 |
|
|
|a "Bibliographical essay": pages 361-395.
|
| 610 |
2 |
0 |
|a Catholic Church
|z France.
|
| 999 |
|
|
|a MARS
|
| 999 |
f |
f |
|s 5ec4d9d9-bfc0-3f65-a545-3dc4b21a3d46
|i 4ac12abe-d67a-3b7a-9103-ca926545f4f0
|t 0
|
| 952 |
f |
f |
|p ric
|a Texas A&M University
|b Rellis Campus
|c Joint Library Facility
|d Remote Storage
|t 0
|e BX1530.2 .B6
|h Library of Congress classification
|i unmediated -- volume
|m A14800623229
|
| 998 |
f |
f |
|a BX1530.2 .B6
|t 0
|l Remote Storage
|